| 000 | 005420000a22001930004500 | ||
|---|---|---|---|
| 001 | 13717 | ||
| 010 | _a972-23-1884-5 | ||
| 090 | _a13717 | ||
| 100 | _a20050414d1995 m y0pory5003 ba | ||
| 101 | 0 | _apor | |
| 102 | _aPT | ||
| 200 | 1 |
_aCírculo imperfeito _fAna Saldanha |
|
| 210 |
_aLisboa _cPresença _d1995 |
||
| 215 | _a142 p | ||
| 225 | 2 |
_aNovos continentes _v62 |
|
| 675 |
_a821.134.3-31"19" _vBN _zpor |
||
| 700 | 1 |
_aSaldanha _bAna _f1959- |
|
| 942 |
_cMON _n0 |
||
| 999 |
_a13717 _bBibliobase - BMTAV _c2019-01-21 |
||